000 01875cam a22001814a 4500
005 20250605164055.0
008 250528s ||||||||||||||||||||||||d
035 _a17445
040 _aGR-AtMCL
_bgre
_dGR-AtMCL
_eAACR2
245 1 _aΜαθήματα Δυναμικής Αναλύσεως Ραβδωτών Φορεών / Στατική IV
260 _bΕθνικό Μετσόβιο Πολυτεχνείο,
_c1991
300 _a182
520 _aΕισαγωγή, Δυναμικά Φορτία, Βαθμοί Ελευθερίας Κινήσεως Φορέα, Δυναμικό Μοντέλο Φορέα και Εξίσωση Κινήσεως, Επιρροή της Βαρύτητας, Κίνηση του Εδάφους, Συστήματα με Ένα Βαθμό Ελευθερίας Κινήσεως, Εξαναγκασμένες Ταλαντώσεις για Τυχούσα Εξωτερική Φόρτιση - Ολοκλήρωμα Duhanel, Εφαρμογές του Ολοκληρώματος Duhanel - Φάσματα Αποκρίσεως, Αριθμητικός Υπολογισμός του Ολοκληρώματος Duhanel, Αριθμητική Ολοκλήρωση της Εξισώσεως Κινήσεως, Γενικευμένα Μονοβάθμια Συστήματα, Συστήματα με Πολλούς Βαθμούς Ελευθερίας Κινήσεως, Ελεύθερες Ταλαντώσεις Πολυβάθμιων Συστημάτων, Ορθογωνικότητα των Κανονικών Μορφών, Εξαναγκασμένες Ταλαντώσεις Πολυβάθμιων Συστημάτων χωρίς Απόσβεση, Συμπεριφορά Πολυβάθμιων Συστημάτων για Κίνηση του Εδάφους.
700 1 _aΚατσικαδέλης Ι. Θ
_93596
942 _cBK
999 _c2862
_d2862